000 00314nam a22001457a 4500
008 210311b ||||| |||| 00| 0 eng d
020 _a9781680364323
041 _aeng
080 _a37
082 _a37
100 _a46
101 _aEDU
245 _aQuesting for Knowledge
_cProctor, R. N
942 _2udc
_cBK
999 _c56430
_d56430